• 首页
  • 本馆介绍
  • 公告通知
  • 最新文献
  • 馆藏检索
  • 电子资源
  • 读者导购
  • 参考咨询
  • 我的图书馆
  • 登录
  • 详细信息显示
  • 放入我的书架
  • 预约/预借图书
  • 作者相关作品
  • 分类相关作品
  • 丛书相关作品
  • 出版社相关作品

书目信息

  • 表格格式
  • 工作单格式
  • 卡片格式
题名:
织物组织分析与设计
    
 
作者: 林晓云 主编
分册:  
出版信息: 上海   东华大学出版社  2019
页数: 189页, [8] 页图版
开本: 26cm
丛书名:
单 册:
中图分类: TS105.1
科图分类:
主题词: 机织物--ji zhi wu--织物组织--高等职业教育--教材
电子资源:
ISBN: 978-7-5669-1243-5
000 00882nam0 2200265 45
001 012001004162
005 20191213105559.78
010    @a978-7-5669-1243-5@dCNY35.00
099    @aCAL 012017122049
100    @a20170824d2017 em y0chiy50 ea
101 0  @achi
102    @aCN@b310000
105    @aafk a 000yy
106    @ar
200 1  @a织物组织分析与设计@Azhi wu zu zhi fen xi yu she ji@f林晓云主编
205    @a第2版
210    @a上海@c东华大学出版社@d2019
215    @a189页, [8] 页图版@c图 (部分彩图)@d26cm
320    @a有书目 (第189页)
330    @a本书主要内容包括三原组织分析与设计、上机图绘制、变化组织分析与设计、联合组织分析与设计、复杂组织分析与设计等。
606 0  @a机织物@Aji zhi wu@x织物组织@x高等职业教育@j教材
690    @aTS105.1@v4
701  0 @a林晓云@Alin xiao yun@4主编
801  0 @aCN@b上海新华@c20191020
905    @b1212525-8@dTS105.1@e24=2@f4
    
    织物组织分析与设计/林晓云主编.-第2版.-上海:东华大学出版社,2019
    189页, [8] 页图版:图 (部分彩图);26cm
    
    
    ISBN 978-7-5669-1243-5:CNY35.00
    本书主要内容包括三原组织分析与设计、上机图绘制、变化组织分析与设计、联合组织分析与设计、复杂组织分析与设计等。
●
相关链接 在E读中查询图书 在五车中查询图书 在当当中查询图书 在豆瓣中查询图书


正题名:织物组织分析与设计     索取号:TS105.1/24=2         预约/预借

序号 登录号 条形码 馆藏地/架位号 状态 备注
1 1212525   212125252   第二样本阅览室/ [索取号:TS105.1/24=2] 在馆    
2 1212526   212125261   第三借阅区/ [索取号:TS105.1/24=2] 在馆    
3 1212527   212125270   第三借阅区/ [索取号:TS105.1/24=2] 在馆    
4 1212528   212125289   第三借阅区/ [索取号:TS105.1/24=2] 在馆    
唐山师范学院图书馆 欢迎您!
大连网信软件有限公司© 版权所有